000 00550nam a2200181Ia 4500
999 _c29138
_d29138
003 OSt
005 20210105111726.0
008 190216s9999||||xx |||||||||||||| ||und||
020 _a9788189716530
040 _coclc
082 _a894.8122
_bMAD/R
100 _aMadhavan, A D
_97524
245 0 _aRavindranatha Tagore :
_bMoonu Visrutha Prema Kavyangal /
_cA D Madhavan
260 _bRainbow Books,
_aThiruvananthapuram:
_c2007.
300 _a200p
650 _aLekhanam
942 _cBK
_2ddc
_h894.8122
_iMAD/R
_k894.8122
_mMAD/R